Statistics for Children's TV Theme Songs Quiz

Click here to take the quiz!

General Stats

  • This quiz has been taken 24,297 times
    (15,604 since last reset)
  • The average score is 10 of 16

Answer Stats

LyricTV Show% Correct
I'm strong to the finich / Cause I eats me spinachPopeye
89%
When the evil Shredder attacks / Those turtle boys don't cut 'em no slackTeenage Mutant Ninja
Turtles
84%
Sunny day, sweepin' the clouds awaySesame Street
78%
Take your places / Can we fix it? / Yes we can!Bob the Builder
78%
Autobots wage their battle to destroy the evil forces of / The DecepticonsTransformers
76%
Need your help! Grab your backpacks! Lets go! Jump in! Vamanos!Dora the Explorer
74%
He'll have every picnic basket that's in Jellystone ParkYogi Bear
68%
To catch them is my real test / To train them is my causePokemon
64%
It's a beautiful day in this neighborhood / A beautiful day for a neighbor /
Would you be mine?
Mr. Rogers
Neighborhood
62%
Blossom, commander and the leader / Bubbles, she is the joy and the laughterPower Puff Girls
62%
One is a genius, the other's insane / They're laboratory mice, their genes have been splicedPinky and the Brain
56%
Life is like a hurricane / Here in DuckburgDuck Tales
45%
Butterfly in the sky, I can go twice as high / Take a look, it's in a bookReading Rainbow
44%
If you like to talk to tomatoes / If a squash can make you smileVeggie Tales
44%
Shift into turbo! (Go....) / Mighty engines roar! / Turbo charged for more!Mighty Morphin Power
Rangers
24%
La la la la la la / La la la la laThe Smurfs
19%

Score Distribution

Percentile by Number Answered

Percent of People with Each Score

Your Score History

You have not taken this quiz since the last reset